000 00685nam a2200265Ia 4500
005 20260121165844.0
008 008 260114s9999 xx 000 0 eng d
020 _a9783319411446
037 _aEBOOK
040 _aCRL
040 _beng
040 _cCRL
041 _2eng
041 _aeng
084 _qCRL
100 _aOliver Gassmann, Karolin Frankenberger, Roman Sauer
_91056870
245 0 _aExploring the Field of Business Model Innovation
260 _bSpringer
260 _bSpringer
260 _c2016
856 _uhttps://link.springer.com/openurl?genre=book&isbn=978-3-319-41144-6
942 _cEBOOK
999 _c1622598
_d1622598